00595nam a2200109Ia 4500008004100000245002300041300024700064650002800311856005500339999001900394952007200413170517s9999 xx 000 0 und d 4aThe Cost of a Coke a>Coca Cola, we've found out, has actually been cooperating with paramilitaries in Colombia to execute workers in their own bottling plants that are trying to form unions and trying to demand better working conditions. So we've been able to... xBusiness and Economics. uhttp://topdocumentaryfilms.com/the-cost-of-a-coke/ c333306d333306 001040aCLbCLd2017-05-17l0r2017-05-17 00:00:00w2017-05-17yDF